00716nam a2200181 a 4500999001500000020002700015020003000042100001900072245004500091260005200136300001100188650002900199650002600228856007000254942000700324952010100331952010200432 c2004d2004 a817141382X (hardcover) a9788171413829 (hardcover)1 aKumar, Sharad.10aIndustrial Organisation and Management / a[S.l.] :bDiscovery Publishing Pvt.Ltd,c1997. a373 p. aIndustrial Organization  aIndustrial Management40uhttp://www.amazon.com/exec/obidos/ASIN/817141382X/chopaconline-20 cBK 001040708REFaREFbREFd2014-05-09l0o658.5KUM (Shelf - 85B)p23937r2014-05-09 00:00:00yBK 001040708REFaREFbREFd2014-05-09l0o658.5KUM (Shelf - 85B)p23938r2018-11-01 00:00:00yBK